000 00728nam a2200217 a 4500
001 000021057
005 20200930011224.0
008 100830s2003 dr a 000 0 spa d
020 _a9993493503
040 _aDO-SdBNP
_bspa
_cBNPHU
082 _a616.07
_bB333i
100 1 _aBatista Lemaire, Vincent
_944042
245 1 0 _aABC de la imágenes en las urgencias craneoencefálicas /
_cVincent batista Lemaire ; prólogo José Miguel Paliza.
260 _aSanto Domingo :
_bGráficas ITESA,
_c2003.
300 _a115 p. :
_bil. ;
_c23 cm.
650 4 _aTomografía
_944043
650 4 _aCraneo
_xTomografía
_944044
650 4 _aDiagnostico por imagenes
_944045
700 1 _aPaliza, José Miguel
_epról.
_944046
049 _aBNPD
999 _c20560
_d20560